Thị trường bất động sản những vấn đề lý luận và thực tiễn ở Việt Nam

Sách trình bày một số vấn đề cơ bản về thị trường bất động sản, hoạt động cảu thị trường bất động sản, các yếu tố tác động đến sự hình thành và phát triển của thị trường bất động sản, thị trường bất động sản ở một số nư...

詳細記述

保存先:
書誌詳細
第一著者: Thái, Bá Cẩn
フォーマット: 図書
言語:Undetermined
出版事項: Hà Nội Tài chính 2003
主題:
タグ: タグ追加
タグなし, このレコードへの初めてのタグを付けませんか!
Thư viện lưu trữ: Trung tâm Học liệu Trường Đại học Cần Thơ
LEADER 01524nam a2200193Ia 4500
001 CTU_92314
008 210402s9999 xx 000 0 und d
082 |a 333.76 
082 |b C121 
100 |a Thái, Bá Cẩn 
245 0 |a Thị trường bất động sản những vấn đề lý luận và thực tiễn ở Việt Nam 
245 0 |c Thái Bá Cẩn 
260 |a Hà Nội 
260 |b Tài chính 
260 |c 2003 
520 |a Sách trình bày một số vấn đề cơ bản về thị trường bất động sản, hoạt động cảu thị trường bất động sản, các yếu tố tác động đến sự hình thành và phát triển của thị trường bất động sản, thị trường bất động sản ở một số nước, quá trình hình thành thị trường bất động sản ở Việt Nam, hoạt động của thị trường bất động sản ở Việt Nam, hoạt động quản lý nhà nước đối với thị trường bất động sản Việt Nam, mục tiêu và định hướng phát triển thị trường bất động sản ở .Việt Nam 
650 |a Land market,Thị trường đất,Sử dụng đất, nông thôn,Land use,rural,Price of land,Giá đất 
904 |i Trúc(Tuyen), Thi 
980 |a Trung tâm Học liệu Trường Đại học Cần Thơ